Belgian Kings - Statistics

General Stats
  • This quiz has been taken 742 times
    614 since last reset
  • The average score is 6 of 7
Answer Stats
Reign Answer % Correct
1831-1865 I Leopold
96%
1865-1909 II Leopold
96%
1934-1951 III Leopold
96%
1909-1934 I Albert
76%
1993-2013 II Albert
76%
2013-... Philippe
67%
1951-1993 Baudouin
57%
No matching quizzes found
Score Distribution
Percent of People with Each Score
Percentile by Number Answered
Your Score History
You have not taken this quiz since the last reset